<?xml version="1.0" encoding="UTF-8"?>
<record
    xmlns:xsi="http://www.w3.org/2001/XMLSchema-instance"
    xsi:schemaLocation="http://www.loc.gov/MARC21/slim http://www.loc.gov/standards/marcxml/schema/MARC21slim.xsd"
    xmlns="http://www.loc.gov/MARC21/slim">

  <leader>00317nam a2200109 a 4500</leader>
  <datafield tag="100" ind1="1" ind2=" ">
    <subfield code="a">Shahani, P. B.</subfield>
  </datafield>
  <datafield tag="245" ind1="1" ind2="0">
    <subfield code="a">Textbook of surveying VOL. 2</subfield>
  </datafield>
  <datafield tag="260" ind1=" " ind2=" ">
    <subfield code="a">[S.l.] :</subfield>
    <subfield code="b">Oxford &amp; IBH Publ. Co,</subfield>
    <subfield code="c">1988.</subfield>
  </datafield>
  <datafield tag="300" ind1=" " ind2=" ">
    <subfield code="a">1 v. (unpaged)</subfield>
  </datafield>
  <datafield tag="856" ind1="4" ind2="0">
    <subfield code="u">http://www.amazon.com/exec/obidos/ASIN/B0007CDNR8/chopaconline-20</subfield>
  </datafield>
  <datafield tag="942" ind1=" " ind2=" ">
    <subfield code="c">BK</subfield>
  </datafield>
  <datafield tag="999" ind1=" " ind2=" ">
    <subfield code="c">8903</subfield>
    <subfield code="d">8903</subfield>
  </datafield>
  <datafield tag="952" ind1=" " ind2=" ">
    <subfield code="0">0</subfield>
    <subfield code="1">0</subfield>
    <subfield code="4">0</subfield>
    <subfield code="7">0</subfield>
    <subfield code="a">QUESTCL</subfield>
    <subfield code="b">ST</subfield>
    <subfield code="d">2014-08-20</subfield>
    <subfield code="g">126.00</subfield>
    <subfield code="l">1</subfield>
    <subfield code="o">526.9SHA</subfield>
    <subfield code="p">17146</subfield>
    <subfield code="r">2018-05-09 00:00:00</subfield>
    <subfield code="s">2017-11-22</subfield>
    <subfield code="y">BK</subfield>
  </datafield>
  <datafield tag="952" ind1=" " ind2=" ">
    <subfield code="0">0</subfield>
    <subfield code="1">0</subfield>
    <subfield code="4">0</subfield>
    <subfield code="7">0</subfield>
    <subfield code="a">QUESTCL</subfield>
    <subfield code="b">QUESTCL</subfield>
    <subfield code="d">2014-08-20</subfield>
    <subfield code="g">126.00</subfield>
    <subfield code="l">0</subfield>
    <subfield code="o">526.9SHA</subfield>
    <subfield code="p">17147</subfield>
    <subfield code="r">2014-08-20 00:00:00</subfield>
    <subfield code="w">2014-08-20</subfield>
    <subfield code="y">BK</subfield>
  </datafield>
  <datafield tag="952" ind1=" " ind2=" ">
    <subfield code="0">0</subfield>
    <subfield code="1">0</subfield>
    <subfield code="4">0</subfield>
    <subfield code="7">0</subfield>
    <subfield code="a">QUESTCL</subfield>
    <subfield code="b">ST</subfield>
    <subfield code="d">2014-08-20</subfield>
    <subfield code="g">126.00</subfield>
    <subfield code="l">1</subfield>
    <subfield code="o">526.9SHA</subfield>
    <subfield code="p">17148</subfield>
    <subfield code="r">2018-05-09 00:00:00</subfield>
    <subfield code="s">2017-11-22</subfield>
    <subfield code="y">BK</subfield>
  </datafield>
  <datafield tag="952" ind1=" " ind2=" ">
    <subfield code="0">0</subfield>
    <subfield code="1">0</subfield>
    <subfield code="4">0</subfield>
    <subfield code="7">0</subfield>
    <subfield code="a">QUESTCL</subfield>
    <subfield code="b">QUESTCL</subfield>
    <subfield code="d">2014-08-20</subfield>
    <subfield code="g">126.00</subfield>
    <subfield code="l">1</subfield>
    <subfield code="o">526.9SHA</subfield>
    <subfield code="p">17149</subfield>
    <subfield code="r">2017-02-28 00:00:00</subfield>
    <subfield code="s">2017-02-22</subfield>
    <subfield code="w">2014-08-20</subfield>
    <subfield code="y">BK</subfield>
  </datafield>
  <datafield tag="952" ind1=" " ind2=" ">
    <subfield code="0">0</subfield>
    <subfield code="1">0</subfield>
    <subfield code="4">0</subfield>
    <subfield code="7">0</subfield>
    <subfield code="a">QUESTCL</subfield>
    <subfield code="b">QUESTCL</subfield>
    <subfield code="d">2014-08-20</subfield>
    <subfield code="g">126.00</subfield>
    <subfield code="l">0</subfield>
    <subfield code="o">526.9SHA</subfield>
    <subfield code="p">17150</subfield>
    <subfield code="r">2014-08-20 00:00:00</subfield>
    <subfield code="w">2014-08-20</subfield>
    <subfield code="y">BK</subfield>
  </datafield>
</record>
